000 00553nam a22001937a 4500
003 MACL
005 20241018154633.0
008 241018b |||||||| |||| 00| 0 eng d
040 _cMACL
082 _a570
100 _aSharma Sanjay
_934303
245 _aMaster The NCERT For NEET UG Biology Volume 1
260 _aNew Delhi
_bArihant Publication
_c2024
440 _aMaster The NCERT For NEET UG Biology Volume 1
_982519
600 _aSharma Sanjay
_934303
650 _aBiology
_91078
700 _aSharma Sanjay
_934303
942 _2ddc
_cC. BOOKS
999 _c67061
_d67061